000 00544nam a2200193Ia 4500
003 GCL
008 140319s9999 xx 000 0 eng d
040 _aGCL /
_cGCL
082 0 4 _a920.5
_bC M
100 1 _aCOSNIER, COLETTE
245 1 0 _aMARIE BASHKIRTSELL: UN PORTRAIT SANS RETOUCHES /
_cCOSNIER, COLETTE
260 _a[S.N] :
_bPIERRE HARARY EDITION ،
_c1985
300 _a344 P
650 0 4 _aBIOGRAPHIES
650 0 4 _aJOURNALISTS - UNITED STATES
650 0 4 _aWOMEN - BIOGRAPHIES
650 0 4 _aBASHKIRTSEFF, MARIE
942 _2ddc
_cBK
999 _c16295
_d16295